|
|
|
|
| LEADER |
00000nam a2200000 a 4500 |
| 001 |
vtls008291743 |
| 003 |
SK-MaSNL |
| 005 |
20260302074119.0 |
| 008 |
240318s2005 xr 000 0 cze |
| 020 |
|
|
|a 8072770314
|
| 035 |
|
|
|a SVKPOKN103221
|
| 035 |
|
|
|a urn:nbn:sk:snk-amlb09
|
| 035 |
|
|
|a urn:nbn:sk:snk-am0092yr
|
| 035 |
|
|
|a C8A60F51-8C40-4EE1-9596-12F6845D9FD0
|
| 040 |
|
|
|a SNK
|b slo
|c SNK
|e AACR2
|
| 041 |
0 |
|
|a cze
|h cze
|
| 044 |
|
|
|a xr
|c CZ
|
| 080 |
|
|
|a 94
|2 1981
|
| 080 |
|
|
|a (437)
|2 1981
|
| 080 |
|
|
|a "1918/1938"
|2 1981
|
| 080 |
|
|
|a (048.8)
|2 1981
|
| 100 |
1 |
|
|a Kárník, Zdeněk,
|d 1931-2011
|4 aut
|
| 245 |
1 |
0 |
|a České země v éře první republiky (1918-1938)
|n Díl 2.:
|p Českoslvensko a české země v krizi a v ohrožení (1930-1935)
|c Zdeněk Kárník
|
| 250 |
|
|
|a Dotlač 1. vyd..
|
| 260 |
|
|
|a Praha
|b Libri
|c 2005
|
| 300 |
|
|
|a 577 s.
|b foto+tab.
|
| 490 |
0 |
|
|a Dějiny českých zemí
|
| 651 |
|
7 |
|a Československo
|x dejiny
|y 1918-1938
|2 SNK
|9 13800
|
| 651 |
|
7 |
|a Slovensko
|x dejiny
|2 SNKPHgeo
|9 13278
|
| 651 |
|
7 |
|a Česko
|x dejiny
|2 SNKPHgeo
|9 58420
|
| 655 |
|
7 |
|a odborné publikácie
|2 svkpo
|9 60423
|
| 919 |
|
|
|a 80-7277-031-4
|
| 999 |
|
|
|c 1163741
|d 1165671
|
| 952 |
|
|
|a SNK
|b SNK
|y PREZ
|7 0
|p 17A0468354
|o snkSC 119835/2
|i snk2005/7995
|8 2
|g 15.77
|0 0
|1 0
|4 0
|d 2005-04-29
|f 1
|l 0
|r 2025-05-29 00:00:00
|w 2026-02-24
|